Diccionario de mitología
Na minha lista:
| Autor principal: | |
|---|---|
| Formato: | Livro |
| Idioma: | Undetermined |
| Publicado em: |
España
EDIMAT Libros
1998
|
| Assuntos: | |
| Tags: |
Adicionar Tag
Sem tags, seja o primeiro a adicionar uma tag!
|
MARC
| LEADER | 00000nam a2200000Ia 4500 | ||
|---|---|---|---|
| 008 | 170316s9999 xx 000 0 und d | ||
| 999 | |c 30746 |d 30746 | ||
| 020 | |a 84-95002-56-6 | ||
| 040 | |a cru BVZT | ||
| 090 | |a R-413 C-1d MITO | ||
| 100 | |a Caudet Yarza, Francisco | ||
| 245 | |a Diccionario de mitología |c Francisco Caudet Yarza | ||
| 260 | |a España |b EDIMAT Libros |c 1998 | ||
| 300 | |a 185 páginas | ||
| 650 | |a REFERENCIA |9 27 | ||
| 650 | 0 | |a DICCIONARIO |9 28 | |
| 650 | 0 | |a MITOLOGÍA GRIEGA |9 157 | |
| 650 | 0 | |a MITOLOGÍA ROMANA |9 158 | |
| 650 | 0 | |a MITOLOGÍA EGIPCIA |9 280 | |
| 942 | |c REF |2 z | ||



